| 000 | 01435nam a2200253 a 4500 | ||
|---|---|---|---|
| 001 | BS0003230 | ||
| 003 | BR-BrBNA | ||
| 005 | 20230418192245.0 | ||
| 008 | 230308b |||||||| |||| 00| 0 por d | ||
| 040 |
_aBR-BrBNA _bpor _cBiblioteca Nacional de Agricultura |
||
| 041 | _apor | ||
| 072 | _aB59 | ||
| 090 | _aB59 BS0003230 | ||
| 100 | 1 | _aKardec, Allan. | |
| 245 | 1 | _aO Livro dos Médiuns / | |
| 250 | 1 | _a86. ed. | |
| 260 | 3 |
_aAraras, SP: _bInstituto de Difusão Espírita., _c2008. |
|
| 300 | _a352 p. | ||
| 500 | _aTitulo Original : Le Livre des Médiums. Tradução de Salvador Gentile. | ||
| 520 | 3 | _aEsta obra trata das manifestações espíritas e dos médiuns, portanto, da parte fenomênica do Espiritismo, e o caracteriza como ciência de observação que cuida das relações entre o mundo corpóreo e o mundo invisível ou espiritual. É um manual indispensável para todos aqueles que queiram participar das atividades mediúnicas ou, simplesmente, queiram conhecer a natureza e os mecanismos da mediunidade. No final desta obra, há um índice Analítico dos Assuntos, reunindo, em ordem alfabética, todos os verbetes que podem interessar aos estudiosos. Allan Kardec, quando redigiu seus livros, escreveu para o povo, em linguagem simples, e, sendo esta uma tradução literal, a linguagem simples original ficou preservada. | |
| 650 | _aESPIRITISMO | ||
| 909 |
_a202304 _bSergio Santos _c56 _dSergio Santos |
||
| 942 | _cBK | ||
| 999 |
_c8293 _d8293 |
||